| 000 -ლიდერი |
| ფიქსირებული სიგრძის საკონტროლო ველი |
01472nam a22002417a 4500 |
| 003 - საკონტროლო ნომრის იდენტიფიკატორი |
| საკონტროლო ველი |
Ge_BSU |
| 005 - ბოლო ოპერაციის თარიღი და დრო |
| საკონტროლო ველი |
20240322164627.0 |
| 008 - ფიქსირებული სიგრძის მონაცემთა ელემენტები - ზოგადი ინფორმაცია |
| ფიქსირებული სიგრძის საკონტროლო ველი |
230330s2022 ge ||||| |||| 00| 0 geo d |
| 020 ## - წიგნის საერთაშორისო სტანდარტული ნომერი |
| International Standard Book Number |
24492507 |
| 041 ## - ენის კოდი |
| Language code of text/sound track or separate title |
geo |
| 080 ## - უნივერსალური ათობითი კლასიფიკაციის ინდექსი |
| Universal Decimal Classification number |
378(063) ს-32 |
| 245 ## - ცნობა სათაურის შესახებ |
| Title |
საქართველოს მეცნიერებათა ეროვნული აკადემია; აჭარის ავტონომიური რესპუბლიკის რეგიონული სამეცნიერო ცენტრის შრომები : |
| Remainder of title |
ტ. 8. Transactions / |
| Statement of responsibility, etc |
მთავ. რედ. ვანო პაპუნიძე; რედ. მიხეილ დონაძე, მარინე აროშიძე, ვლადიმერ ბალაძე და სხვ. |
| 264 ## - წარმოების, გამოცემის, დისტრიბუციის და სხვა ცნობები |
| გამოცემის, წარმოების, დისტრიბუციის... ადგილი |
ბათუმი, |
| გამოცემის, წარმოების, დისტრიბუციის... თარიღი |
2022. |
| 300 ## - ფიზიკური აღწერა |
| Extent |
207 გვ.; |
| Other physical details |
30 სმ. |
| 504 ## - BIBLIOGRAPHY, ETC. NOTE |
| Bibliography, etc |
ბიბლიოგრ. თავების ბოლოს |
| 653 ## - INDEX TERM--UNCONTROLLED |
| Uncontrolled term |
შრომები |
| 700 ## - ADDED ENTRY--PERSONAL NAME |
| Personal name |
პაპუნიძე, ვანო |
| Relator term |
მთ. რედაქტორი |
| 9 (RLIN) |
1737 |
| 700 ## - ADDED ENTRY--PERSONAL NAME |
| Personal name |
დონაძე, მიხეილ |
| Relator term |
რედაქტორი |
| 9 (RLIN) |
17385 |
| 700 ## - ADDED ENTRY--PERSONAL NAME |
| Personal name |
აროშიძე, მარინე |
| Relator term |
რედაქტორი |
| 9 (RLIN) |
13519 |
| 700 ## - ADDED ENTRY--PERSONAL NAME |
| Personal name |
ბალაძე ვლადიმერ და სხვ. |
| Relator term |
რედაქტორი |
| 9 (RLIN) |
17386 |
| 773 ## - HOST ITEM ENTRY |
| Title |
ნაჩუქარი |
| 942 ## - ADDED ENTRY ELEMENTS (KOHA) |
| Source of classification or shelving scheme |
|
| Koha item type |
შრომები |